00325nam a2200109Ia 4500008004100000082001000041100004500051245003000096260002900126630003000155730003000185100328s9999 xx 000 0 und d b49482 aकुलकर्णी नलिनी aपाषाण भगत bशब्दरंजन aपाषाण भगत aपाषाण भगत